Culture Générale - Série 2097 - Statistiques

Statistiques générales
  • Ce quiz a été pris 97 fois
  • Le résultat moyen est 5 sur 10
Statistiques - réponses
Question Réponse % Correct
Quel titan de la mythologie grecque est condamné à soutenir le ciel ? Atlas
87%
Quel nouveau nom adopte le Pakistan oriental en 1971, après son indépendance ? Bangladesh
69%
Sur quelle île se trouve le sultanat de Brunei ? Bornéo
57%
"Méliphage" est un terme utilisé pour décrire les animaux cherchant à se nourrir de .... miel
57%
Quelle est la capitale du Soudan du Sud ? Djouba
52%
Pour quel roman Marguerite Duras a-t-elle reçu le prix Goncourt en 1984 ? L'amant
46%
Dans quelle ville se situe l’action du film " Le Cuirassé Potemkine " ? Odessa
43%
Quel animal est l'embème des Etats Unis ? voir photo pygargue
26%
Quel célèbre réalisateur italien fut assassiné sur une plage en 1975 ? Pier Paolo Pasolini
21%
Ecriture de la vie et / ou de l'œuvre des saints hagiographie
12%
Aucun quiz correspondant
Distribution des résultats
% des personnes avec chaque résultat
Percentile par nombre de réponses
Votre historique - résultats
Vous n’avez pas pris ce quiz